Statistics for Logo Quiz I

Click here to take the quiz!

General Stats

  • This quiz has been taken 2,203 times
  • The average score is 14 of 15

Answer Stats

Answer% Correct
Apple
99%
Amazon
98%
Coca-Cola
98%
Facebook
98%
Nike
98%
McDonald's
96%
Disney
95%
Microsoft
94%
Burger King
93%
Samsung
93%
YouTube
93%
Starbucks
91%
Volkswagen
82%
Twitter
78%
IBM
50%

Score Distribution

Percentile by Number Answered

Percent of People with Each Score

Your Score History

You have not taken this quiz